• 首页
  • 本馆介绍
  • 公告通知
  • 最新文献
  • 馆藏检索
  • 电子资源
  • 读者导购
  • 参考咨询
  • 我的图书馆
  • 登录
  • 详细信息显示
  • 放入我的书架
  • 预约/预借图书
  • 作者相关作品
  • 分类相关作品
  • 丛书相关作品
  • 出版社相关作品

书目信息

  • 表格格式
  • 工作单格式
  • 卡片格式
题名:
俄国简史
    
 
作者: 帕米利 著 ;黄亚松 译
分册:  
出版信息: 海口   南海出版公司  2018
页数: 209页
开本: 23cm
丛书名:
单 册:
中图分类: K512.0
科图分类:
主题词:
电子资源:
ISBN: 978-7-5442-8612-1
000 01043nam0 2200277 450
001 012001008714
005 20140102094024.0
010    @a978-7-5442-8612-1@dCNY35.00
099    @aCAL 012018057834
100    @a20180413d2018 em y0chiy50 ea
101 1  @achi@ceng
102    @aCN@b460000
105    @aab z 000yy
106    @ar
200 1  @a俄国简史@Ae guo jian shi@f(美) 玛丽·普拉特·帕米利著@g黄亚松译
210    @a海口@c南海出版公司@d2018
215    @a209页@c图, 地图@d23cm
300    @a理清俄国发展的脉络 架构俄国历史的轮廓
314    @a玛丽·普拉特·帕米利, 史学家和作家。黄亚松, 东北农业大学英语语言学硕士。
330    @a本书共分为二十六章, 主要内容包括: 自然与民族 ; 斯拉夫民族的宗教与政治体系 ; 留里克及其继任者 ; 俄罗斯人的宗教变化 ; 公国 —— 向北扩张 ; 德国和蒙古入侵等。
607    @a俄罗斯@Ae luo si@x历史
690    @aK512.0@v5
701  1 @a帕米利@Apa mi li@g(Parmele, Mary Platt),@f1843-1911@4著
702  0 @a黄亚松@Ahuang ya song@4译
801  0 @aCN@b上海新华@c20191020
905    @b1185544-7@dK512.0@e58@f4
    
    俄国简史/(美) 玛丽·普拉特·帕米利著/黄亚松译.-海口:南海出版公司,2018
    209页:图, 地图;23cm
    理清俄国发展的脉络 架构俄国历史的轮廓
    
    ISBN 978-7-5442-8612-1:CNY35.00
    本书共分为二十六章, 主要内容包括: 自然与民族 ; 斯拉夫民族的宗教与政治体系 ; 留里克及其继任者 ; 俄罗斯人的宗教变化 ; 公国 —— 向北扩张 ; 德国和蒙古入侵等。
●
相关链接 在E读中查询图书 在五车中查询图书 在当当中查询图书 在豆瓣中查询图书


正题名:俄国简史     索取号:K512.0/58         预约/预借

序号 登录号 条形码 馆藏地/架位号 状态 备注
1 1185544   211855447   第二样本阅览室/ [索取号:K512.0/58] 在馆    
2 1185545   211855456   第二借阅区/ [索取号:K512.0/58] 在馆    
3 1185546   211855465   第二借阅区/ [索取号:K512.0/58] 在馆    
4 1185547   211855474   第二借阅区/ [索取号:K512.0/58] 在馆    
唐山师范学院图书馆 欢迎您!
大连网信软件有限公司© 版权所有